[Event "SR 2. liga A 2010/2011"]
[Site "?"]
[Date "2011.03.06"]
[Round "52.8"]
[White "Danada, Ondrej"]
[Black "Holubcik, Marian"]
[Result "0-1"]
[WhiteElo "1922"]
[BlackElo "1968"]
[PlyCount "134"]
[EventDate "2010.??.??"]
[WhiteTeam "Slovakia"]
[BlackTeam "Slovakia"]
[WhiteTeamCountry "SVK"]
[BlackTeamCountry "SVK"]

1. e4 d5 2. exd5 Qxd5 3. Nc3 Qa5 4. d4 Nf6 5. Bd3 c6 6. h3 Bf5 7. Nf3 Nbd7 8.
Qe2 Bxd3 9. Qxd3 e6 10. Bd2 Qc7 11. O-O-O Bd6 12. Ne4 Nxe4 13. Qxe4 Nf6 14. Qe2
O-O-O 15. Ne5 c5 16. Nc4 cxd4 17. Nxd6+ Qxd6 18. Qc4+ Qc6 19. Qxc6+ bxc6 20.
Bb4 Rd5 21. c4 dxc3 22. Bxc3 Rhd8 23. Rxd5 Rxd5 24. Bxf6 gxf6 25. Re1 Rg5 26.
g3 Rh5 27. h4 Rf5 28. Re4 Rxf2 29. Ra4 Kb7 30. Rg4 h5 31. Rg7 Kb6 32. Rxf7 a5
33. Rh7 Rf5 34. Kd2 Kc5 35. Ke3 Kd6 36. Ke4 Re5+ 37. Kf4 Rf5+ 38. Ke4 Rb5 39.
b3 Rf5 40. Ra7 Rb5 41. Rh7 a4 42. bxa4 Ra5 43. Ke3 Rxa4 44. Rxh5 Rxa2 45. Rh6
f5 46. Rg6 Ke5 47. h5 Rh2 48. h6 c5 49. Kd3 Kd5 50. Rf6 c4+ 51. Kc3 Rh3 52. Rg6
f4 53. h7 fxg3 54. h8=Q Rxh8 55. Rxg3 e5 56. Rg4 Rh3+ 57. Kc2 Rf3 58. Rh4 c3
59. Rg4 e4 60. Rh4 Kd4 61. Rg4 Rf2+ 62. Kc1 Kd3 63. Rg1 e3 64. Rd1+ Rd2 65. Rh1
c2 66. Rg1 Rf2 67. Rh1 Rf3 0-1

[Event "SR 2. liga A 2010/2011"]
[Site "?"]
[Date "2011.03.06"]
[Round "53.1"]
[White "Kovac, Andrej"]
[Black "Rachela, Milan"]
[Result "0-1"]
[WhiteElo "2132"]
[BlackElo "2395"]
[PlyCount "56"]
[EventDate "2010.??.??"]
[WhiteTeam "Slovakia"]
[BlackTeam "Slovakia"]
[WhiteTeamCountry "SVK"]
[BlackTeamCountry "SVK"]

1. d4 Nf6 2. c4 e6 3. Nf3 Bb4+ 4. Nbd2 d5 5. e3 O-O 6. Bd3 dxc4 7. Bxc4 Nc6 8.
O-O Bd6 9. h3 e5 10. dxe5 Nxe5 11. Nxe5 Bxe5 12. Nf3 Bd6 13. b3 Bf5 14. Bb2 a6
15. Rc1 Qe7 16. Bd3 Ne4 17. Qe2 Rad8 18. Rfd1 Bg6 19. Qc2 Rfe8 20. Nd4 Qh4 21.
Nf3 Qh6 22. Nd4 Re7 23. Ne2 Nxf2 24. Kxf2 Qxe3+ 25. Kf1 Rde8 26. Nd4 Bg3 27.
Qe2 Bxd3 28. Rxd3 Qxd3 0-1

[Event "SR 2. liga A 2010/2011"]
[Site "?"]
[Date "2011.03.06"]
[Round "53.2"]
[White "Varga, David"]
[Black "Madar, Martin"]
[Result "1/2-1/2"]
[WhiteElo "2360"]
[BlackElo "2117"]
[PlyCount "75"]
[EventDate "2010.??.??"]
[WhiteTeam "Slovakia"]
[BlackTeam "Slovakia"]
[WhiteTeamCountry "SVK"]
[BlackTeamCountry "SVK"]

1. e4 d5 2. exd5 Nf6 3. Bb5+ Bd7 4. Be2 Nxd5 5. d4 Bf5 6. Nf3 e6 7. O-O Be7 8.
c4 Nb4 9. a3 Nc2 10. Ra2 Nxd4 11. Nxd4 Bxb1 12. Ra1 Bg6 13. Nb5 a6 14. Qa4 Nd7
15. Nc3 O-O 16. Rd1 c6 17. Bf4 Qc8 18. b4 a5 19. bxa5 Nc5 20. Qb4 Ne4 21. Qxe7
Nxc3 22. Rd2 Nxe2+ 23. Rxe2 Rd8 24. Rd2 Rxd2 25. Bxd2 Bd3 26. Rc1 f6 27. Rc3
Bg6 28. Rb3 Rb8 29. h4 e5 30. a6 bxa6 31. Rxb8 Qxb8 32. Qe6+ Bf7 33. Qxc6 Qb1+
34. Kh2 h6 35. c5 Qd3 36. Be3 Bd5 37. Qa4 Qe4 38. Qxe4 1/2-1/2

[Event "SR 2. liga A 2010/2011"]
[Site "?"]
[Date "2011.03.06"]
[Round "53.3"]
[White "Hrivnak, Martin"]
[Black "Petenyi, Tamas"]
[Result "0-1"]
[WhiteElo "2143"]
[BlackElo "2378"]
[PlyCount "134"]
[EventDate "2010.??.??"]
[WhiteTeam "Slovakia"]
[BlackTeam "Slovakia"]
[WhiteTeamCountry "SVK"]
[BlackTeamCountry "SVK"]

1. Nf3 d5 2. g3 c6 3. Bg2 Bg4 4. Ne5 Bh5 5. d4 Nd7 6. Nxd7 Qxd7 7. Nd2 e6 8.
Nf3 Bd6 9. Ne5 Qc7 10. Nd3 f6 11. f4 Ne7 12. Be3 O-O 13. Qd2 b6 14. O-O Rac8
15. Bh3 Bf7 16. b4 Nf5 17. Bf2 Be7 18. Bxf5 exf5 19. Nb2 Rfe8 20. Rfc1 Bf8 21.
Nd3 Bh5 22. e3 Bf3 23. c4 dxc4 24. Rxc4 Bd5 25. Rc2 Qe7 26. Kf1 Qe4 27. Bg1
Qf3+ 28. Ke1 Qh1 29. Qf2 Be4 30. Rc3 Bxd3 31. Rxd3 Bxb4+ 32. Kf1 Qe4 33. Rad1
Qd5 34. Qb2 Bf8 35. Qb3 Kh8 36. Bf2 Qh1+ 37. Bg1 Qf3+ 38. Bf2 c5 39. dxc5 Bxc5
40. Qd5 Qh5 41. Kg2 Rc7 42. Qf3 Qf7 43. Qd5 Qxd5+ 44. Rxd5 g6 45. Kf3 Rce7 46.
Rd8 Rxd8 47. Rxd8+ Kg7 48. Rd3 Kf7 49. Be1 Ke6 50. Bc3 Rc7 51. Ke2 Be7 52. Kd2
Rc4 53. Rd4 Rxd4+ 54. Bxd4 Bc5 55. Bb2 b5 56. Kd3 a5 57. Bc3 a4 58. Bd2 Kd5 59.
Bc3 Be7 60. Bd4 Bd8 61. Ba1 Kc5 62. Bc3 Be7 63. Bd2 b4 64. Bc1 Kb5 65. Bb2 b3
66. axb3 axb3 67. Ke2 Kc4 0-1

[Event "SR 2. liga A 2010/2011"]
[Site "?"]
[Date "2011.03.06"]
[Round "53.4"]
[White "Jablonicky, Frantisek"]
[Black "Lauf, Pavol"]
[Result "1/2-1/2"]
[WhiteElo "2150"]
[BlackElo "2143"]
[PlyCount "102"]
[EventDate "2010.??.??"]
[WhiteTeam "Slovakia"]
[BlackTeam "Slovakia"]
[WhiteTeamCountry "SVK"]
[BlackTeamCountry "SVK"]

1. Nf3 c5 2. c4 g6 3. d4 cxd4 4. Nxd4 Bg7 5. Nc3 Nc6 6. Nc2 Nf6 7. e4 d6 8. Be2
O-O 9. Be3 Qa5 10. O-O Bd7 11. Rc1 Rac8 12. f4 a6 13. a3 Qd8 14. b4 Nb8 15. Nd4
Bc6 16. Nxc6 Nxc6 17. g4 Nd7 18. Qd2 Qe8 19. Rfd1 g5 20. fxg5 Nce5 21. Nd5 f6
22. Rf1 e6 23. gxf6 Bxf6 24. Nxf6+ Rxf6 25. Qxd6 Rg6 26. h3 Nf7 27. Qg3 Nf6 28.
Bd3 e5 29. Rf5 Qd7 30. Bb1 Nd6 31. Qf3 Qe7 32. Bc5 Rxc5 33. bxc5 Nxf5 34. exf5
Qxc5+ 35. Qf2 Qxa3 36. fxg6 Qxc1+ 37. Qf1 Qxf1+ 38. Kxf1 hxg6 39. Bxg6 Kg7 40.
Bf5 b6 41. Ke2 Ne8 42. Kd3 Nd6 43. Bd7 Kf6 44. h4 a5 45. Ba4 Kg6 46. Bd1 Kf6
47. Bc2 Kg7 48. Kc3 Kh6 49. Bd3 Nb7 50. Bb1 Nd6 51. Bd3 Nb7 1/2-1/2

[Event "SR 2. liga A 2010/2011"]
[Site "?"]
[Date "2011.03.06"]
[Round "53.5"]
[White "Grich, Juraj"]
[Black "Lesny, Stefan"]
[Result "1/2-1/2"]
[WhiteElo "2027"]
[BlackElo "2100"]
[PlyCount "106"]
[EventDate "2010.??.??"]
[WhiteTeam "Slovakia"]
[BlackTeam "Slovakia"]
[WhiteTeamCountry "SVK"]
[BlackTeamCountry "SVK"]

1. d4 d5 2. Nc3 c6 3. e4 dxe4 4. Nxe4 Bf5 5. Ng3 Bg6 6. h4 h6 7. h5 Bh7 8. Nf3
Nf6 9. Bd3 Bxd3 10. Qxd3 e6 11. Bd2 Nbd7 12. O-O-O c5 13. Qe2 Qc7 14. Rh4 Rc8
15. Nf5 cxd4 16. N5xd4 Qc4 17. Bc3 Qxe2 18. Nxe2 Bc5 19. Bd4 O-O 20. Nc3 a6 21.
Ne4 Nxe4 22. Rxe4 Bxd4 23. Rexd4 Nf6 24. g4 Nd5 25. Ne5 Rc7 26. Kb1 f5 27. c4
Nf6 28. f3 Re8 29. b3 fxg4 30. fxg4 Rc5 31. Re1 Kf8 32. Kb2 Ke7 33. b4 Rc7 34.
Kb3 Nd7 35. Ng6+ Kf7 36. Rf1+ Nf6 37. Ne5+ Ke7 38. Ng6+ Kf7 39. Ne5+ Ke7 40. a4
Rd8 41. Rfd1 Rxd4 42. Rxd4 Ng8 43. Rf4 Nf6 44. c5 a5 45. Rc4 axb4 46. Kxb4 Nd5+
47. Kb5 Kf6 48. Nf3 e5 49. a5 Rc6 50. Nd2 Ke6 51. Ne4 Nc7+ 52. Kb4 Na6+ 53. Kb5
Nc7+ 1/2-1/2

[Event "SR 2. liga A 2010/2011"]
[Site "?"]
[Date "2011.03.06"]
[Round "53.6"]
[White "Merva, Frantisek"]
[Black "Sebo, Viktor"]
[Result "1-0"]
[WhiteElo "2038"]
[BlackElo "1903"]
[PlyCount "53"]
[EventDate "2010.??.??"]
[WhiteTeam "Slovakia"]
[BlackTeam "Slovakia"]
[WhiteTeamCountry "SVK"]
[BlackTeamCountry "SVK"]

1. d4 Nf6 2. Nf3 g6 3. g3 Bg7 4. Bg2 d6 5. O-O O-O 6. c4 Nc6 7. d5 Na5 8. Qa4
c5 9. Bd2 b6 10. Bc3 Bd7 11. Qc2 Rb8 12. Nbd2 b5 13. b3 e6 14. e4 exd5 15. cxd5
Re8 16. Rfe1 b4 17. Bb2 Qb6 18. Rad1 Bb5 19. Qc1 Qa6 20. Qa1 Nh5 21. Bxg7 Nxg7
22. Qf6 Nh5 23. Qh4 Be2 24. Rc1 Qd3 25. Rxe2 Qxe2 26. Bf1 Rxe4 27. Qxe4 1-0

[Event "SR 2. liga A 2010/2011"]
[Site "?"]
[Date "2011.03.06"]
[Round "53.7"]
[White "Chovanec, Vladimir"]
[Black "Ujhelyi, Matus"]
[Result "1/2-1/2"]
[WhiteElo "2082"]
[BlackElo "2006"]
[PlyCount "144"]
[EventDate "2010.??.??"]
[WhiteTeam "Slovakia"]
[BlackTeam "Slovakia"]
[WhiteTeamCountry "SVK"]
[BlackTeamCountry "SVK"]

1. e4 e6 2. d3 d5 3. Nd2 Nf6 4. Ngf3 c5 5. g3 Nc6 6. Bg2 Qc7 7. O-O dxe4 8.
dxe4 b6 9. e5 Nd5 10. c4 Nde7 11. Ne4 Nf5 12. Bf4 Bb7 13. Qa4 Be7 14. Nd6+ Bxd6
15. exd6 Qd7 16. Rfd1 Rb8 17. b4 O-O 18. g4 e5 19. Nxe5 Nxe5 20. Qxd7 Nxd7 21.
gxf5 Bxg2 22. Kxg2 cxb4 23. Re1 Rfe8 24. Re7 Rxe7 25. dxe7 Re8 26. Bd6 a5 27.
Rd1 Nf6 28. Kf3 g6 29. Kf4 Kg7 30. h4 h6 31. f3 Ng8 32. Re1 f6 33. fxg6 Kxg6
34. Bc7 Nxe7 35. Rg1+ Kf7 36. Bxb6 Rc8 37. Bxa5 Rxc4+ 38. Kg3 Nf5+ 39. Kf2 Rxh4
40. Rb1 Rh2+ 41. Kg1 Rxa2 42. Bxb4 Nd4 43. Rf1 f5 44. Bc5 Ne6 45. Rc1 h5 46.
Bf2 Nf4 47. Rc7+ Ke6 48. Bh4 Ra4 49. Rh7 Ne2+ 50. Kf2 Rxh4 51. Kxe2 Ke5 52. Kf2
Kf4 53. Kg2 Kg5 54. Rg7+ Kf6 55. Rg8 Rb4 56. Kg3 h4+ 57. Kg2 Ke5 58. Rh8 Rb2+
59. Kh3 Rb1 60. Kg2 Rb2+ 61. Kh3 Kf4 62. Rh5 Rb1 63. Kg2 Rb2+ 64. Kf1 Rh2 65.
Kg1 Rh3 66. Kg2 Rg3+ 67. Kh2 Rxf3 68. Rxh4+ Ke3 69. Kg2 Rf2+ 70. Kg1 f4 71. Rh8
Rb2 72. Rf8 Rb1+ 1/2-1/2

[Event "SR 2. liga A 2010/2011"]
[Site "?"]
[Date "2011.03.06"]
[Round "53.8"]
[White "Kantor, Reka"]
[Black "Bedac, Jozef"]
[Result "1/2-1/2"]
[WhiteElo "2003"]
[BlackElo "1706"]
[PlyCount "49"]
[EventDate "2010.??.??"]
[WhiteTeam "Slovakia"]
[BlackTeam "Slovakia"]
[WhiteTeamCountry "SVK"]
[BlackTeamCountry "SVK"]

1. e4 e5 2. Nf3 Nc6 3. Bb5 a6 4. Ba4 Nf6 5. O-O Be7 6. Re1 b5 7. Bb3 d6 8. c3
Na5 9. Bc2 c5 10. h3 O-O 11. d4 exd4 12. cxd4 Nc6 13. Be3 Nb4 14. Nbd2 Nxc2 15.
Qxc2 c4 16. Rad1 d5 17. e5 Nh5 18. Nh2 f5 19. exf6 Nxf6 20. Nhf3 Nh5 21. Ne5
Bd6 22. Ndf3 Nf4 23. Qd2 g5 24. h4 h6 25. hxg5 1/2-1/2

[Event "SR 2. liga A 2010/2011"]
[Site "?"]
[Date "2011.03.06"]
[Round "54.1"]
[White "Certek, Pavel"]
[Black "Pagerka, Martin"]
[Result "1-0"]
[WhiteElo "2250"]
[BlackElo "2263"]
[PlyCount "123"]
[EventDate "2010.??.??"]
[WhiteTeam "Slovakia"]
[BlackTeam "Slovakia"]
[WhiteTeamCountry "SVK"]
[BlackTeamCountry "SVK"]

1. Nf3 Nf6 2. d4 e6 3. e3 b6 4. c4 Bb7 5. Bd3 Ne4 6. O-O Be7 7. Nfd2 f5 8. Bxe4
fxe4 9. Nc3 O-O 10. Ndxe4 d5 11. cxd5 exd5 12. Ng3 Qd7 13. Qb3 Kh8 14. Rd1 Bh4
15. f3 a5 16. Bd2 a4 17. Qc2 Nc6 18. Nce2 Ba6 19. Be1 Rae8 20. Bf2 Nb4 21. Qc3
Qd6 22. a3 Nc6 23. Rac1 Bc4 24. Re1 b5 25. Ra1 b4 26. axb4 Nxb4 27. Rxa4 Nd3
28. Rf1 Rb8 29. b4 Qc6 30. Raa1 Be7 31. Rfd1 Bxb4 32. Qc2 Nxf2 33. Kxf2 Ra8 34.
Nf4 Qb6 35. Kg1 Rxa1 36. Rxa1 Rxf4 37. Nf5 Rxf5 38. Qxf5 Qb8 39. Rb1 h6 40. Qd7
Qf8 41. Qxc7 Kh7 42. Qe5 Bd6 43. Qe6 Qe7 44. Qxe7 Bxe7 45. Rb6 Kg8 46. Kf2 Kf7
47. g3 Ke8 48. Rb7 Kf7 49. Ke1 Ke6 50. Kd2 Bf6 51. Rb6+ Kd7 52. Rb2 Bd8 53.
Rb7+ Bc7 54. Ra7 Kd6 55. Ra8 Ke7 56. Ke1 Bb6 57. Kf2 Bd3 58. Rg8 Kf7 59. Rb8
Ba5 60. Rc8 Bb6 61. Rc6 Bd8 62. Rd6 1-0

[Event "SR 2. liga A 2010/2011"]
[Site "?"]
[Date "2011.03.06"]
[Round "54.2"]
[White "Cajka, Tibor"]
[Black "Tepper, Frantisek"]
[Result "0-1"]
[WhiteElo "2111"]
[BlackElo "2162"]
[PlyCount "50"]
[EventDate "2010.??.??"]
[WhiteTeam "Slovakia"]
[BlackTeam "Slovakia"]
[WhiteTeamCountry "SVK"]
[BlackTeamCountry "SVK"]

1. e4 e5 2. Nf3 Nc6 3. Bb5 f5 4. d4 fxe4 5. Nxe5 Nxe5 6. dxe5 c6 7. Bc4 Qa5+ 8.
Nc3 Qxe5 9. O-O d5 10. Bb3 Nf6 11. f4 Bc5+ 12. Kh1 Qe7 13. Na4 Bd6 14. c4 dxc4
15. Bc2 O-O 16. Nc3 Bf5 17. Be3 b5 18. Qe2 Rfe8 19. h3 Bg6 20. f5 Nh5 21. Bf2
Qe5 22. g3 Qxf5 23. Kh2 Nf4 24. Qg4 Qxg4 25. hxg4 Nd3 0-1

[Event "SR 2. liga A 2010/2011"]
[Site "?"]
[Date "2011.03.06"]
[Round "54.4"]
[White "Pericka, Tomas"]
[Black "Mikulas, Dusan"]
[Result "1/2-1/2"]
[WhiteElo "1966"]
[BlackElo "2122"]
[PlyCount "50"]
[EventDate "2010.??.??"]
[WhiteTeam "Slovakia"]
[BlackTeam "Slovakia"]
[WhiteTeamCountry "SVK"]
[BlackTeamCountry "SVK"]

1. f4 e5 2. e4 d5 3. exd5 e4 4. d3 Nf6 5. Nc3 Bb4 6. Bd2 e3 7. Bxe3 O-O 8. Be2
Re8 9. Bd2 Nxd5 10. Nf3 Bxc3 11. bxc3 Qe7 12. Kf2 Ne3 13. Bxe3 Qxe3+ 14. Kf1
Qxf4 15. Qd2 Qf6 16. Kf2 b6 17. Rhf1 Bb7 18. Kg1 Nd7 19. d4 Qd6 20. Ng5 Nf6 21.
Bc4 Bd5 22. Qd3 Bxc4 23. Qxc4 Qd7 24. Qd3 Qg4 25. Nf3 Rad8 1/2-1/2

[Event "SR 2. liga A 2010/2011"]
[Site "?"]
[Date "2011.03.06"]
[Round "54.6"]
[White "Jozefek, Michal"]
[Black "Hefka, Vladimir"]
[Result "1/2-1/2"]
[WhiteElo "1899"]
[BlackElo "1991"]
[PlyCount "61"]
[EventDate "2010.??.??"]
[WhiteTeam "Slovakia"]
[BlackTeam "Slovakia"]
[WhiteTeamCountry "SVK"]
[BlackTeamCountry "SVK"]

1. d4 Nf6 2. c4 g6 3. Nc3 Bg7 4. e4 d6 5. Be2 O-O 6. Bg5 h6 7. Be3 e5 8. d5 a5
9. Qd2 Kh7 10. f3 Na6 11. g4 b6 12. h4 h5 13. Bg5 Qe8 14. Bxf6 Bxf6 15. gxh5
gxh5 16. O-O-O Bg7 17. Kb1 Bh6 18. Qe1 Rg8 19. Nh3 Bxh3 20. Rxh3 Bf4 21. Bd3
Qe7 22. Ne2 Qf6 23. Qf2 Nc5 24. Bc2 Rg7 25. Rg1 Rag8 26. Rhh1 Qh6 27. Rxg7+
Rxg7 28. Rg1 Rxg1+ 29. Qxg1 Qf6 30. Qh1 Nd7 31. Qh3 1/2-1/2

[Event "SR 2. liga A 2010/2011"]
[Site "?"]
[Date "2011.03.06"]
[Round "54.7"]
[White "Kuna, Vladimir"]
[Black "Diviak, Rastislav"]
[Result "1/2-1/2"]
[WhiteElo "2051"]
[BlackElo "2014"]
[PlyCount "48"]
[EventDate "2010.??.??"]
[WhiteTeam "Slovakia"]
[BlackTeam "Slovakia"]
[WhiteTeamCountry "SVK"]
[BlackTeamCountry "SVK"]

1. d4 d5 2. Nf3 Nf6 3. c4 e6 4. Bg5 Nbd7 5. Nc3 c6 6. e3 Qa5 7. Bxf6 Nxf6 8. a3
Ne4 9. Qa4 Qxa4 10. Nxa4 dxc4 11. Nc3 Nxc3 12. bxc3 a6 13. Bxc4 b5 14. Be2 Bb7
15. O-O Bd6 16. Nd2 c5 17. Bf3 Bxf3 18. Nxf3 O-O 19. a4 b4 20. dxc5 Bxc5 21.
cxb4 Bxb4 22. Rfc1 Rac8 23. Kf1 Rfd8 24. Ke2 Kf8 1/2-1/2

[Event "SR 2. liga A 2010/2011"]
[Site "?"]
[Date "2011.03.06"]
[Round "54.8"]
[White "Hanzluvka, Peter"]
[Black "Klimes, Milan"]
[Result "1-0"]
[WhiteElo "1961"]
[BlackElo "1893"]
[PlyCount "73"]
[EventDate "2010.??.??"]
[WhiteTeam "Slovakia"]
[BlackTeam "Slovakia"]
[WhiteTeamCountry "SVK"]
[BlackTeamCountry "SVK"]

1. e4 c5 2. Nf3 d6 3. d4 cxd4 4. Nxd4 a6 5. c4 Nf6 6. Nc3 e6 7. Bd3 Be7 8. O-O
O-O 9. Kh1 Qc7 10. f4 Nc6 11. Nxc6 bxc6 12. Qe2 e5 13. fxe5 dxe5 14. Bg5 Bg4
15. Qe3 h6 16. Bxf6 Bxf6 17. Qg3 Rfd8 18. Qxg4 Bg5 19. Rad1 Rab8 20. b3 Qa5 21.
Na4 Rd4 22. Qf3 Rf8 23. Bc2 c5 24. Qc3 Qc7 25. Qf3 Be7 26. Nc3 f5 27. Nd5 Qd6
28. Rxd4 cxd4 29. exf5 Bf6 30. Qg4 Qa3 31. Bb1 Qb2 32. Qe4 Rf7 33. Qc2 Qa3 34.
h3 Bd8 35. f6 g5 36. Qg6+ Kf8 37. Qxh6+ 1-0

[Event "SR 2. liga A 2010/2011"]
[Site "?"]
[Date "2011.03.26"]
[Round "55.1"]
[White "Vlcek, Stanislav"]
[Black "Pagerka, Martin"]
[Result "1-0"]
[WhiteElo "2257"]
[BlackElo "2263"]
[PlyCount "65"]
[EventDate "2010.??.??"]
[WhiteTeam "Slovakia"]
[BlackTeam "Slovakia"]
[WhiteTeamCountry "SVK"]
[BlackTeamCountry "SVK"]

1. Nf3 d5 2. g3 Nf6 3. Bg2 c6 4. c4 Nbd7 5. d4 e6 6. O-O Be7 7. b3 O-O 8. Bb2
b6 9. Nbd2 Bb7 10. Ne5 Ne8 11. e4 Nxe5 12. dxe5 d4 13. f4 c5 14. Qg4 Qc7 15.
Rae1 Rd8 16. Nf3 Kh8 17. f5 exf5 18. exf5 Bxf3 19. Bxf3 f6 20. e6 Bd6 21. Bc1
Qe7 22. Qh5 Rg8 23. Re4 g5 24. fxg6 Rxg6 25. Rh4 Rg7 26. Be4 f5 27. Bh6 Rg8 28.
Qxf5 Bxg3 29. hxg3 Rxg3+ 30. Kf2 Rg8 31. Ke2 d3+ 32. Kd2 Nf6 33. Qxf6+ 1-0

[Event "SR 2. liga A 2010/2011"]
[Site "?"]
[Date "2011.03.26"]
[Round "55.2"]
[White "Cajka, Tibor"]
[Black "Petrik, Stanislav"]
[Result "1-0"]
[WhiteElo "2111"]
[BlackElo "2187"]
[PlyCount "57"]
[EventDate "2010.??.??"]
[WhiteTeam "Slovakia"]
[BlackTeam "Slovakia"]
[WhiteTeamCountry "SVK"]
[BlackTeamCountry "SVK"]

1. e4 c5 2. Nf3 Nc6 3. d4 cxd4 4. Nxd4 Qb6 5. Nb3 Nf6 6. Nc3 e6 7. Be3 Qc7 8.
a3 a6 9. Be2 b5 10. O-O Bb7 11. Nc5 Bc8 12. f4 Na5 13. b4 Nb7 14. e5 Nxc5 15.
exf6 Nb7 16. fxg7 Bxg7 17. Bd4 Rg8 18. Ne4 Nd6 19. Bxg7 Nxe4 20. Qd4 Bb7 21.
Bf3 Rc8 22. Rad1 d5 23. f5 Ng5 24. Bh5 Kd7 25. Bxf7 Qxc2 26. fxe6+ Nxe6 27.
Bxe6+ Kxe6 28. Rde1+ Kd7 29. Rf7+ 1-0

[Event "SR 2. liga A 2010/2011"]
[Site "?"]
[Date "2011.03.26"]
[Round "55.3"]
[White "Petrik, Karol"]
[Black "Polasek, Filip"]
[Result "1/2-1/2"]
[WhiteElo "2075"]
[BlackElo "2113"]
[PlyCount "36"]
[EventDate "2010.??.??"]
[WhiteTeam "Slovakia"]
[BlackTeam "Slovakia"]
[WhiteTeamCountry "SVK"]
[BlackTeamCountry "SVK"]

1. d4 d5 2. Nf3 e6 3. c4 Nf6 4. Qc2 Be7 5. g3 c6 6. Bg2 O-O 7. O-O Nbd7 8. Rd1
b5 9. b3 Bb7 10. Bf4 bxc4 11. bxc4 dxc4 $11 12. Qxc4 Qb6 13. Qc2 c5 14. Nbd2
Rac8 15. Qb3 cxd4 16. Qxb6 Nxb6 17. Nxd4 Bxg2 18. Kxg2 Rfd8 1/2-1/2

[Event "SR 2. liga A 2010/2011"]
[Site "?"]
[Date "2011.03.26"]
[Round "55.5"]
[White "Magyar, Frantisek"]
[Black "Pericka, Tomas"]
[Result "0-1"]
[WhiteElo "2079"]
[BlackElo "1966"]
[PlyCount "58"]
[EventDate "2010.??.??"]
[WhiteTeam "Slovakia"]
[BlackTeam "Slovakia"]
[WhiteTeamCountry "SVK"]
[BlackTeamCountry "SVK"]

1. d4 {0} f5 2. Nf3 Nf6 3. g3 e6 4. Bg2 Be7 5. O-O O-O 6. c4 d5 7. cxd5 exd5 8.
Nc3 c6 9. a3 Ne4 10. Ne5 Nd7 11. Nxd7 Bxd7 12. f3 Ng5 13. b4 f4 14. Bxf4 Nh3+
15. Bxh3 Bxh3 16. Rf2 Rxf4 17. gxf4 Bh4 18. Rg2 Qd6 19. e3 Bxg2 20. Kxg2 Re8
21. Qd2 Qe6 22. Nd1 Qg6+ 23. Kh1 Qh5 24. Qg2 Qf5 25. Qg4 Qd3 26. Qg2 Bf6 27. h3
Bxd4 28. exd4 Re1+ 29. Kh2 Qxd4 0-1

[Event "SR 2. liga A 2010/2011"]
[Site "?"]
[Date "2011.03.26"]
[Round "55.6"]
[White "Jozefek, Michal"]
[Black "Farkas, Vladimir"]
[Result "1-0"]
[WhiteElo "1899"]
[BlackElo "1946"]
[PlyCount "119"]
[EventDate "2010.??.??"]
[WhiteTeam "Slovakia"]
[BlackTeam "Slovakia"]
[WhiteTeamCountry "SVK"]
[BlackTeamCountry "SVK"]

1. d4 Nf6 2. c4 g6 3. Nc3 Bg7 4. e4 d6 5. Be2 O-O 6. Bg5 h6 7. Be3 e5 8. d5 Qe7
9. Qd2 Kh7 10. f3 c5 11. O-O-O Na6 12. g4 Ng8 13. h4 Bd7 14. Nh3 f6 15. f4 exf4
16. Nxf4 Be8 17. Ne6 Rf7 18. Rdf1 Nc7 19. Nxg7 Kxg7 20. Rf2 a6 21. Rhf1 b5 22.
Bd3 bxc4 23. Bxc4 Bb5 24. Bd3 Raf8 25. Nxb5 axb5 26. h5 g5 27. Bb1 Qd7 28. Rg2
Na6 29. Qc3 Qe7 30. Bd2 Nb8 31. Qc2 Kh8 32. Qc3 b4 33. Qd3 Nd7 34. Qa6 Ne5 35.
Bc2 Qc7 36. Bd1 Rb8 37. Be1 c4 38. Qa4 Qc8 39. Rg3 c3 40. bxc3 Rc7 41. Qc2 Qa6
42. Rff3 Qa3+ 43. Qb2 Qxb2+ 44. Kxb2 bxc3+ 45. Kc1 Nxf3 46. Rxf3 Rb2 47. Bxc3
Rxa2 48. Kb1 Rg2 49. Bd4 Kg7 50. Re3 Kf7 51. Bf3 Rb7+ 52. Kc1 Ra2 53. Rc3 Ra4
54. Bf2 Ra1+ 55. Kd2 Ne7 56. Bg3 Ra6 57. Be2 Rab6 58. Kd3 Ke8 59. Be1 Ra6 60.
Kd4 1-0

[Event "SR 2. liga A 2010/2011"]
[Site "?"]
[Date "2011.03.26"]
[Round "55.7"]
[White "Goga, Frantisek"]
[Black "Diviak, Rastislav"]
[Result "0-1"]
[WhiteElo "1912"]
[BlackElo "2014"]
[PlyCount "86"]
[EventDate "2010.??.??"]
[WhiteTeam "Slovakia"]
[BlackTeam "Slovakia"]
[WhiteTeamCountry "SVK"]
[BlackTeamCountry "SVK"]

1. e4 c5 2. Nf3 d6 3. d4 cxd4 4. Nxd4 Nf6 5. Nc3 a6 6. Be3 e6 7. Be2 Be7 8. O-O
O-O 9. Kh1 Qc7 10. f4 b5 11. Bf3 Bb7 12. a3 Nbd7 13. f5 e5 14. Nb3 Nb6 15. Na5
Nc4 16. Nxc4 Qxc4 17. Qd3 Qxd3 18. cxd3 Rfd8 19. d4 d5 20. dxe5 dxe4 21. exf6
exf3 22. fxe7 fxg2+ 23. Kg1 gxf1=Q+ 24. Rxf1 Rd3 25. Bb6 f6 26. Rd1 Rxd1+ 27.
Nxd1 Rc8 28. Bd8 Kf7 29. Ne3 Rc1+ 30. Kf2 Rb1 31. b4 Ra1 32. Ke2 Rxa3 33. Kd2
Rb3 34. Nc2 Be4 35. Ne3 Rd3+ 36. Ke2 Rd4 37. Nd1 Bf3+ 38. Kxf3 Rxd1 39. Ke4 Ke8
40. h3 Kd7 41. Ke3 Rb1 42. Ke4 Rxb4+ 43. Kd5 Rh4 0-1

[Event "SR 2. liga A 2010/2011"]
[Site "?"]
[Date "2011.03.26"]
[Round "55.8"]
[White "Diviak, Rudolf"]
[Black "Jelenciak, Jozef"]
[Result "1/2-1/2"]
[WhiteElo "1887"]
[BlackElo "1934"]
[PlyCount "37"]
[EventDate "2010.??.??"]
[WhiteTeam "Slovakia"]
[BlackTeam "Slovakia"]
[WhiteTeamCountry "SVK"]
[BlackTeamCountry "SVK"]

1. e4 {0} Nf6 2. Bd3 d6 3. c3 c5 4. Qe2 Nc6 5. Bc2 g6 6. d3 Bg7 7. Nf3 e5 8.
Nbd2 Rb8 9. Nf1 b5 10. Bg5 Qa5 11. Ne3 b4 12. O-O O-O 13. Nd2 bxc3 14. bxc3 Be6
15. Bxf6 Bxf6 16. Nd5 Bxd5 17. exd5 Ne7 18. Ne4 Bg7 19. Bb3 1/2-1/2

[Event "SR 2. liga A 2010/2011"]
[Site "?"]
[Date "2011.03.26"]
[Round "56.1"]
[White "Janos, Martin"]
[Black "Varga, David"]
[Result "0-1"]
[WhiteElo "2250"]
[BlackElo "2360"]
[PlyCount "72"]
[EventDate "2010.??.??"]
[WhiteTeam "Slovakia"]
[BlackTeam "Slovakia"]
[WhiteTeamCountry "SVK"]
[BlackTeamCountry "SVK"]

1. e4 e5 2. Nf3 Nf6 3. Nc3 Bb4 4. Bc4 O-O 5. Qe2 Re8 6. Bxf7+ Kxf7 7. Qc4+ d5
8. Qxb4 Na6 9. Qb5 d4 10. Qc4+ Kg6 11. Nh4+ Kh6 12. Qe2 g5 13. d3 dxc3 14. bxc3
Nh5 15. g3 Qf6 16. Nf5+ Bxf5 17. h4 Qc6 18. hxg5+ Kg7 19. Qxh5 Qxc3+ 20. Kd1
Nb4 21. Ke2 Qxc2+ 22. Kf1 Qxd3+ 23. Kg2 Bxe4+ 24. f3 Qe2+ 25. Kh3 Qxf3 26. Qxf3
Bxf3 27. Rf1 e4 28. Rb1 Nd5 29. Rxb7 Reb8 30. Bb2+ Kg6 31. Rxb8 Rxb8 32. Bd4
Kxg5 33. Rc1 e3 34. Re1 e2 35. Bxa7 Rb2 36. Kh2 Nb4 0-1

[Event "SR 2. liga A 2010/2011"]
[Site "?"]
[Date "2011.03.26"]
[Round "56.2"]
[White "Petenyi, Tamas"]
[Black "Janos, Jozef"]
[Result "1-0"]
[WhiteElo "2378"]
[BlackElo "2196"]
[PlyCount "123"]
[EventDate "2010.??.??"]
[WhiteTeam "Slovakia"]
[BlackTeam "Slovakia"]
[WhiteTeamCountry "SVK"]
[BlackTeamCountry "SVK"]

1. e4 c5 2. Nf3 e6 3. d4 cxd4 4. Nxd4 a6 5. Bd3 Nf6 6. O-O d6 7. c4 Be7 8. Nc3
O-O 9. Be3 Nc6 10. Kh1 Nxd4 11. Bxd4 e5 12. Be3 Ng4 13. Bd2 Bg5 14. Be2 Bxd2
15. Qxd2 f5 16. Bxg4 fxg4 17. Qd5+ Kh8 18. Rad1 Qf6 19. Qxd6 Be6 20. Nd5 Bxd5
21. Qxf6 gxf6 22. Rxd5 Rac8 23. b3 Rf7 24. Rfd1 Kg7 25. R1d3 h5 26. h3 Kh6 27.
hxg4 hxg4 28. Kh2 Kg5 29. Kg3 Rcc7 30. Rd8 Rg7 31. R3d5 Rce7 32. Rf8 Ref7 33.
Rxf7 Rxf7 34. Rd8 Rg7 35. Rf8 b5 36. c5 b4 37. Rc8 f5 38. exf5 Kxf5 39. Rc6 a5
40. Ra6 Rd7 41. Rd6 Rc7 42. c6 Rc8 43. f3 gxf3 44. Kxf3 e4+ 45. Ke3 Ke5 46. Rh6
Kd5 47. g4 Rf8 48. Rh5+ Kxc6 49. Rxa5 Kb6 50. Ra4 Kb5 51. Kxe4 Rf1 52. g5 Rf2
53. Ke5 Kc5 54. g6 Re2+ 55. Kf6 Rf2+ 56. Ke7 Re2+ 57. Kf7 Rf2+ 58. Kg8 Kb5 59.
g7 Rh2 60. Ra7 Kb6 61. Rf7 Rxa2 62. Kf8 1-0